00608nam a22001937a 450000500170000001000150001702000260003203500150005803700130007308200150008624500930010126000420019427000790023630000210031570000190033670000170035570000150037270000270038720231121155213.0 aENG-138277 c780.00a9789390818364 aEN- 121809 bDBAD/PUB a305.568b1 aDR.B.R.Ambedkar;History, Visions Identity and Relevance/cEdited by N Vadhasu ...[et.al] aNew DelhibBharti Publications c2022 bNew Delhia4819/24 2nd Floor, Mathur Lane Ansari Road, Darya Ganj,e110002 a170;pc22cm;(hb) a Thirumaran, D a Kumar,Ajay  aN,Vasudha  aShringarpure, Ranjana